[Event "GCT 2021 Saint Louis - Blitz"]
[Site "Saint Louis"]
[Date "15.08.2021"]
[Round "13B"]
[White "Le, Quang Liem"]
[Black "Svidler, Peter"]
[Result "1-0"]
[WhiteTitle ""]
[BlackTitle ""]
[WhiteElo "2709"]
[BlackElo "2714"]
[WhiteFideId "12401137"]
[BlackFideId "4102142"]
[EventDate "2021.08.14"]

1. d4 Nf6 2. Nf3 g6 3. Nc3 d5 4. Bf4 Bg7 5. e3 O-O 6. Nb5 Na6 7. h3 Ne4 8. Nd2
Nxd2 9. Qxd2 c6 10. Nc3 Nb8 11. O-O-O Qa5 12. Kb1 Nd7 13. e4 dxe4 14. Nxe4 Qxd2
15. Rxd2 Nf6 16. Nxf6+ Bxf6 17. Bc4 Bf5 18. Re1 Rad8 19. g4 Be6 20. Bxe6 fxe6
21. Re4 Bh4 22. Rde2 e5 23. Bxe5 Rxf2 24. Rxf2 Bxf2 25. c3 Rf8 26. Bf4 h5 27.
Bg5 h4 28. Rxe7 Rf3 29. Re2 Bg3 30. Kc2 Bd6 31. Re3 Rf2+ 32. Kb3 a5 33. Re6 Bg3
34. Rxg6+ Kf7 35. Rh6 b5 36. Bxh4 1-0

[Event "GCT 2021 Saint Louis - Blitz"]
[Site "Saint Louis"]
[Date "15.08.2021"]
[Round "13B"]
[White "Xiong, Jeffery"]
[Black "Caruana, Fabiano"]
[Result "1/2-1/2"]
[WhiteTitle ""]
[BlackTitle ""]
[WhiteElo "2710"]
[BlackElo "2806"]
[WhiteFideId "2047640"]
[BlackFideId "2020009"]
[EventDate "2021.08.14"]

1. c4 e5 2. g3 Be7 3. Bg2 f5 4. Nc3 d6 5. d3 Nf6 6. Nf3 O-O 7. O-O a5 8. a3 Qe8
9. Rb1 Qh5 10. b4 axb4 11. axb4 f4 12. Nd5 Nxd5 13. cxd5 Na6 14. b5 Nc5 15. d4
exd4 16. Nxd4 fxg3 17. hxg3 Bg4 18. b6 cxb6 19. Rxb6 Ra2 20. Bf3 Bxf3 21. Nxf3
Rf5 22. Be3 Rxd5 23. Qb1 Rxe2 24. Nd4 Rxe3 25. fxe3 Qe5 26. Kg2 g6 27. Qa2 Kg7
28. Qf2 Bf6 29. Qf3 h5 30. Kg1 Kf7 31. Rb5 Kg7 32. Kg2 Be7 33. Kg1 Kh6 34. Kg2
Kg7 35. Qf7+ Kh6 36. Qf3 Kg7 37. Qf7+ Kh6 38. Qf3 1/2-1/2

[Event "GCT 2021 Saint Louis - Blitz"]
[Site "Saint Louis"]
[Date "15.08.2021"]
[Round "14B"]
[White "Svidler, Peter"]
[Black "Rapport, Richard"]
[Result "0-1"]
[WhiteTitle ""]
[BlackTitle ""]
[WhiteElo "2714"]
[BlackElo "2763"]
[WhiteFideId "4102142"]
[BlackFideId "738590"]
[EventDate "2021.08.14"]

1. e4 d5 2. exd5 Qxd5 3. Nc3 Qa5 4. d4 Nf6 5. Nf3 Bf5 6. Bc4 e6 7. Bd2 Bb4 8. a3
Bxc3 9. Bxc3 Qb6 10. O-O O-O 11. b3 Nc6 12. Ne5 Rad8 13. Nxc6 Qxc6 14. Bb2 b5
15. Bd3 Bxd3 16. Qxd3 Nd5 17. f3 a6 18. Rf2 Rd7 19. c4 Ne7 20. Rc1 Qb7 21. Re2
bxc4 22. bxc4 c5 23. Qe4 Qxe4 24. Rxe4 Rb8 25. Rc2 cxd4 26. Rxd4 Rxd4 27. Bxd4
Nc6 28. Bc5 f6 29. Rd2 Rd8 30. Rxd8+ Nxd8 31. Kf2 e5 32. Ke3 f5 33. g4 g6 34.
gxf5 gxf5 35. Bb4 Nc6 36. Bc3 Kf7 37. Kd3 Ke6 38. Bb2 Kd6 39. Bc3 Kc5 40. Be1
Kd6 41. Bf2 Nd8 42. Ba7 Ke6 43. Bb6 Nf7 44. h4 h5 45. Bf2 Nd8 46. Bb6 Nc6 47.
Bf2 Ne7 48. Kc3 Kd6 49. Kb4 Nc6+ 50. Kc3 Ke6 51. Kd3 Nb8 52. Kc3 Nc6 53. Kd3 Kd7
54. Kc3 Kd6 55. Bb6 Ne7 56. Kb4 e4 57. Bc5+ Kc6 58. Bf2 exf3 59. Kc3 Ng6 60. Kd4
Nf4 61. Ke3 Nh3 62. Bg3 f4+ 63. Kxf3 fxg3 64. Kxg3 Ng1 65. Kf2 Nh3+ 66. Kg3 Ng1
67. Kf2 Kc5 68. Kxg1 Kxc4 69. Kf2 Kb3 0-1

[Event "GCT 2021 Saint Louis - Blitz"]
[Site "Saint Louis"]
[Date "15.08.2021"]
[Round "14B"]
[White "Caruana, Fabiano"]
[Black "Mamedyarov, Shakhriyar"]
[Result "1/2-1/2"]
[WhiteTitle ""]
[BlackTitle ""]
[WhiteElo "2806"]
[BlackElo "2782"]
[WhiteFideId "2020009"]
[BlackFideId "13401319"]
[EventDate "2021.08.14"]

1. e4 c5 2. Nf3 e6 3. d4 cxd4 4. Nxd4 Nf6 5. Nc3 Nc6 6. Be2 Bb4 7. O-O Bxc3 8.
bxc3 Nxe4 9. Nxc6 bxc6 10. Qd4 d5 11. Qxg7 Qf6 12. Qxf6 Nxf6 13. Bf4 Ne4 14. c4
f6 15. cxd5 cxd5 16. Rab1 e5 17. Bh6 Rg8 18. Rb3 Kf7 19. Rd1 Kg6 20. Bc1 Be6 21.
f3 Nc5 22. Ra3 Rgc8 23. Bd2 d4 24. c3 d3 25. Bf1 f5 26. Be3 e4 27. Ra5 Nd7 28.
Bd4 Rab8 29. g4 Rg8 30. gxf5+ Bxf5 31. Kf2 Rb2+ 32. Ke3 Re8 33. Kf4 Rf8 34. Kg3
exf3 35. h4 Nf6 36. Ra6 d2 37. Be3 Kf7 38. Rxa7+ Kg6 39. Ra6 Kh5 40. Ra5 Ne4+
41. Kf4 Nxc3 42. Rxd2 Ne2+ 43. Kxf3 Rxd2 44. Bxd2 Nd4+ 45. Ke3 Nc6 46. Rc5 Ne7
47. Bb4 Re8 48. Kf4 Kxh4 49. Bc4 Bg6 50. Be1+ Kh3 51. Be6+ Kg2 52. Bh4 Rf8+ 53.
Ke5 Nf5 54. Rc2+ Kg1 55. Bg5 Re8 56. Rc1+ Kf2 57. Kf6 Nd4 58. Bd5 Rf8+ 59. Ke5
Nf3+ 60. Bxf3 Rxf3 61. Bh6 Rf5+ 62. Kd6 Ra5 63. Ra1 Bf7 64. Ke7 Bxa2 65. Kf6
Ra6+ 66. Kg7 Ra7+ 67. Kh8 Kf3 68. Rc1 Bd5 69. Rg1 Be4 70. Bf8 Ra8 71. Kg7 h5 72.
Be7 Ra7 73. Kf8 Ra8+ 74. Kg7 Ra7 75. Kf8 Bd5 76. Rd1 Be4 77. Rf1+ Kg2 78. Re1
Bf3 79. Re5 Ra4 80. Rg5+ Bg4 81. Rb5 Re4 82. Rb4 Re2 83. Rb3 Ra2 84. Bf6 Ra4 85.
Kg7 Bf3 86. Rb2+ Kg3 87. Be5+ Kg4 88. Rd2 Ra7+ 89. Kf6 h4 90. Rd4+ Kh5 91. Rd3
Ra6+ 92. Rd6 Ra8 93. Rd2 h3 94. Bh2 Ra5 95. Rf2 Kg4 96. Rd2 Bg2 97. Rf2 Ra6+ 98.
Ke5 Ra5+ 99. Kd4 Ra4+ 100. Ke3 Re4+ 101. Kd3 Ra4 102. Ke3 Kg5 103. Rf8 Ra1 104.
Rg8+ Kf5 105. Rf8+ Kg6 106. Rh8 Rh1 107. Bb8 Rf1 108. Bh2 Rf3+ 109. Ke2 Rb3 110.
Be5 Bf3+ 111. Kf2 Bg4 112. Bc7 Rc3 113. Bd6 Rc2+ 114. Ke3 Kf5 115. Bb8 Re2+ 116.
Kd3 Rb2 117. Bc7 Rb3+ 118. Kd4 Rb7 119. Bh2 Rd7+ 120. Ke3 Re7+ 121. Kd4 Re2 122.
Bb8 Ra2 123. Bc7 Ra4+ 124. Ke3 Ke6 125. Rh6+ Kd5 126. Bb8 Re4+ 127. Kd3 Bf5 128.
Kd2 Rb4 129. Bc7 Rb7 130. Bf4 Ke4 131. Bd6 Rb6 132. Rh4+ Kf3 133. Bc7 Rb2+ 134.
Kd1 Bg4 135. Kc1 Rb7 136. Bd6 Rd7 137. Bb8 Rd8 138. Be5 Rd5 139. Bb8 Rb5 140.
Bd6 Rb6 141. Be5 Re6 142. Bb8 Re8 143. Bd6 Re2 144. Rh8 Bf5 145. Rf8 Kg4 146.
Rg8+ Kh5 147. Rh8+ Kg6 148. Bb8 Rc2+ 149. Kd1 Ra2 150. Be5 Bg4+ 151. Kc1 Kf5
152. Bc7 Ke4 153. Bd6 Kd3 154. Be5 Rc2+ 155. Kb1 Bf5 156. Ka1 Rc5 157. Bf4 Kc2
158. Ra8 Rc4 159. Be5 Re4 160. Bg3 Re3 161. Ra2+ Kd1 162. Bf4 Rf3 163. Be5 Rb3
164. Rb2 Ra3+ 165. Ra2 Re3 166. Bf4 Rf3 167. Be5 Bc2 168. Ra8 Rf5 169. Rd8+ Ke2
170. Bg3 Rb5 1/2-1/2

[Event "GCT 2021 Saint Louis - Blitz"]
[Site "Saint Louis"]
[Date "15.08.2021"]
[Round "14B"]
[White "Shankland, Sam"]
[Black "Xiong, Jeffery"]
[Result "1-0"]
[WhiteTitle ""]
[BlackTitle ""]
[WhiteElo "2709"]
[BlackElo "2710"]
[WhiteFideId "2004887"]
[BlackFideId "2047640"]
[EventDate "2021.08.14"]

1. d4 d5 2. c4 e6 3. Nc3 c5 4. cxd5 cxd4 5. Qa4+ Bd7 6. Qxd4 exd5 7. Nf3 Nc6 8.
Qxd5 Nf6 9. Qb3 Bb4 10. e3 O-O 11. Be2 Be6 12. Qc2 Rc8 13. O-O Qe7 14. Bd2 Bd6
15. Rfd1 Bb8 16. Qa4 Ng4 17. h3 Nge5 18. Be1 Nxf3+ 19. Bxf3 Qc7 20. g3 Bxh3 21.
Nd5 Qe5 22. Qh4 Bd7 23. Bc3 Qe6 24. Nf4 Qe8 25. Bxg7 Bxf4 26. Bxf8 Bxe3 27. Bh6
Ne5 28. Be4 Rc4 29. Bxe3 Nf3+ 30. Bxf3 Rxh4 31. gxh4 f6 32. Rd4 Bc6 33. Bxc6
Qxc6 34. Rad1 Kf7 35. h5 Qf3 36. Rd7+ Ke6 37. R1d6+ Kf5 38. Rd4 Ke6 39. R7d6+
Kf7 40. Rxf6+ 1-0

[Event "GCT 2021 Saint Louis - Blitz"]
[Site "Saint Louis"]
[Date "15.08.2021"]
[Round "14B"]
[White "Dominguez Perez, Leinier"]
[Black "Le, Quang Liem"]
[Result "1-0"]
[WhiteTitle ""]
[BlackTitle ""]
[WhiteElo "2758"]
[BlackElo "2709"]
[WhiteFideId "3503240"]
[BlackFideId "12401137"]
[EventDate "2021.08.14"]

1. e4 e5 2. Nf3 Nc6 3. Bc4 Nf6 4. d3 Bc5 5. c3 d6 6. O-O h6 7. b4 Bb6 8. Nbd2
O-O 9. Re1 Ne7 10. Bb3 c6 11. a4 Ng6 12. a5 Bc7 13. d4 Re8 14. dxe5 dxe5 15. Qc2
Be6 16. Bxe6 Rxe6 17. Nb3 Rd6 18. Be3 Qe8 19. h3 b6 20. Ra2 Rdd8 21. Rea1 Nf4
22. Bxf4 exf4 23. e5 Nd7 24. Re1 c5 25. axb6 Bxb6 26. Nbd2 cxb4 27. cxb4 Qe6 28.
Raa1 Rac8 29. Qe4 g5 30. Rac1 Nf8 31. Nc4 Ng6 32. Nxb6 Qxb6 33. Rcd1 Re8 34. Qf5
Qe6 35. Qe4 Rc4 36. Qb7 Qb6 37. Qd7 Re7 38. Qf5 Rxb4 39. Rd6 Qc7 40. Red1 Rb8
41. e6 Nf8 42. exf7+ Rxf7 43. Qd5 Qb7 44. Qa2 Kg7 45. Ne5 Re7 46. Nc6 Rbe8 47.
Qa1+ Kh7 48. Nxe7 Qxe7 49. Ra6 Qe5 50. Rxa7+ Kg8 51. Qxe5 Rxe5 52. Rd8 Rf5 53.
f3 Rf7 54. Rxf7 Kxf7 55. Rd6 Ng6 56. Kf2 Kg7 57. Ra6 Nh4 58. g3 Ng6 59. g4 Nh4
60. Ke2 Kh7 61. Ra7+ Kg6 62. Ra6+ Kg7 63. Ra1 Kf6 64. Ra7 Kg6 65. Rb7 Kf6 66.
Rb1 Kf7 67. Rf1 Ke6 68. Kd3 Kd5 69. Rf2 Ng6 70. Ra2 Ke6 71. Ra6+ Kf7 72. Ke4 Kg7
73. Rb6 Nh4 74. Rb3 Kf6 75. Kd5 Kf7 76. Ke5 Ng6+ 77. Kd5 Nh4 78. Ra3 Kf6 79. Kd6
Kf7 80. Ke5 Ng6+ 81. Kd4 Nh4 82. Ra6 Kg7 83. Ke4 Kh7 84. Ke5 Kg7 85. Ra3 Kf7 86.
Ra7+ Kg6 87. Ke4 Kf6 88. Ra6+ Kg7 89. Ke5 Nxf3+ 90. Ke6 Nh4 91. Ra3 Kg6 92. Ke5
Kg7 93. Ke4 Kg6 94. Ra6+ Kg7 95. Rb6 Kh7 96. Ke5 Kg7 97. Ra6 Kh7 98. Kf6 f3 99.
Ra7+ Kg8 100. Ra2 Kh7 101. Kf7 h5 102. Kf6 hxg4 103. hxg4 Kh6 104. Rf2 Ng6 105.
Rxf3 Nf4 106. Kf5 Ng6 107. Rh3+ Kg7 108. Kxg5 Ne5 109. Kf5 Nf7 110. Rd3 Nh6+
111. Kf4 Nf7 112. Ra3 Kg6 113. Ra6+ Kg7 114. g5 1-0

[Event "GCT 2021 Saint Louis - Blitz"]
[Site "Saint Louis"]
[Date "15.08.2021"]
[Round "15B"]
[White "Xiong, Jeffery"]
[Black "So, Wesley"]
[Result "1/2-1/2"]
[WhiteTitle ""]
[BlackTitle ""]
[WhiteElo "2710"]
[BlackElo "2772"]
[WhiteFideId "2047640"]
[BlackFideId "5202213"]
[EventDate "2021.08.14"]

1. c4 e5 2. Nc3 Nf6 3. Nf3 Nc6 4. e3 Bb4 5. Qc2 Bxc3 6. Qxc3 Qe7 7. Be2 d5 8. d4
exd4 9. Nxd4 Nxd4 10. Qxd4 c5 11. Qf4 O-O 12. b3 Rd8 13. Bb2 d4 14. O-O-O h6 15.
Rhe1 g5 16. Qg3 Ne4 17. Qf3 Nc3 18. Bxc3 dxc3 19. Kc2 Be6 20. Qe4 Qf6 21. Bd3
Qxf2+ 22. Kxc3 Qf6+ 23. Kc2 Rd7 24. Qh7+ Kf8 25. Rf1 Qg7 26. Qxg7+ Kxg7 27. Be4
Re7 28. Bd5 Bxd5 29. Rxd5 b6 30. Kd2 Rae8 31. Rf3 Re5 32. Kd3 R8e7 33. h3 h5 34.
e4 f6 35. Rxe5 Rxe5 36. Rf5 Kg6 37. Rxe5 fxe5 38. g4 hxg4 39. hxg4 Kf6 40. Kc3
Ke6 41. b4 Kd6 42. b5 Kc7 43. a4 Kb7 44. Kb3 Kc7 45. Kc3 Kb7 46. Kb3 Kc7 47. Kc3 1/2-1/2

[Event "GCT 2021 Saint Louis - Blitz"]
[Site "Saint Louis"]
[Date "15.08.2021"]
[Round "15B"]
[White "Rapport, Richard"]
[Black "Dominguez Perez, Leinier"]
[Result "0-1"]
[WhiteTitle ""]
[BlackTitle ""]
[WhiteElo "2763"]
[BlackElo "2758"]
[WhiteFideId "738590"]
[BlackFideId "3503240"]
[EventDate "2021.08.14"]

1. Nf3 Nf6 2. g3 c5 3. Bg2 Nc6 4. O-O e5 5. e4 d6 6. d3 g6 7. a3 Bg7 8. c3 O-O
9. b4 c4 10. Bg5 cxd3 11. Qxd3 Be6 12. Rd1 h6 13. Bxf6 Qxf6 14. Nfd2 Rac8 15.
Nf1 h5 16. Nbd2 Bh6 17. Ne3 Ne7 18. Ndf1 h4 19. Rac1 h3 20. Bh1 Rfd8 21. Qe2 Kg7
22. Rd2 a6 23. a4 Rd7 24. Rd3 Rdd8 25. Rcd1 Bb3 26. Ra1 Bxe3 27. Nxe3 b5 28.
axb5 axb5 29. Qg4 Be6 30. Qd1 Qg5 31. Ra6 Ng8 32. Qd2 Kh7 33. Bf3 Nf6 34. Raxd6
Rxd6 35. Rxd6 Ra8 36. Qd1 Ra3 37. Rc6 Ra2 38. Qf1 Kg7 39. Rc5 Bc4 40. Qc1 Nh7
41. Rc6 Qd8 42. Nxc4 bxc4 43. Rxc4 Qd3 44. Qf1 Qxf3 45. Rc5 Ra1 0-1

[Event "GCT 2021 Saint Louis - Blitz"]
[Site "Saint Louis"]
[Date "15.08.2021"]
[Round "15B"]
[White "Le, Quang Liem"]
[Black "Mamedyarov, Shakhriyar"]
[Result "1/2-1/2"]
[WhiteTitle ""]
[BlackTitle ""]
[WhiteElo "2709"]
[BlackElo "2782"]
[WhiteFideId "12401137"]
[BlackFideId "13401319"]
[EventDate "2021.08.14"]

1. d4 Nf6 2. Nf3 e6 3. Bf4 d5 4. e3 Bd6 5. Bxd6 Qxd6 6. c4 O-O 7. Nc3 Rd8 8. Rc1
a6 9. c5 Qe7 10. Be2 Nc6 11. O-O e5 12. Nxe5 Nxe5 13. dxe5 Qxe5 14. Qd4 Qe7 15.
Rfd1 c6 16. h3 Bf5 17. Bd3 Bg6 18. b4 Re8 19. a4 Bxd3 20. Rxd3 Nd7 21. e4 dxe4
22. Nxe4 Qxe4 23. Qxe4 Rxe4 24. Rxd7 Rxb4 25. Re1 Rf8 26. Ree7 Rxa4 27. Rxb7 Rc4
28. Re5 a5 29. Rc7 g6 30. Rxc6 a4 31. Ra6 Rc8 32. g3 R4xc5 33. Rxc5 Rxc5 34.
Rxa4 Rc1+ 35. Kg2 Rc5 36. Ra1 Rc4 37. Rb1 Rc5 38. Ra1 Rc4 39. Rb1 Rc5 40. Ra1
Rc4 1/2-1/2

[Event "GCT 2021 Saint Louis - Blitz"]
[Site "Saint Louis"]
[Date "15.08.2021"]
[Round "15B"]
[White "Shankland, Sam"]
[Black "Caruana, Fabiano"]
[Result "0-1"]
[WhiteTitle ""]
[BlackTitle ""]
[WhiteElo "2709"]
[BlackElo "2806"]
[WhiteFideId "2004887"]
[BlackFideId "2020009"]
[EventDate "2021.08.14"]

1. d4 Nf6 2. c4 e6 3. Nc3 Bb4 4. e3 O-O 5. Bd2 d5 6. Nf3 b6 7. cxd5 exd5 8. Bd3
Re8 9. O-O Bf8 10. Ne5 c5 11. f4 Bb7 12. Be1 Nc6 13. Bb5 Re6 14. Bh4 cxd4 15.
Bxc6 Bxc6 16. exd4 Bb7 17. f5 Re8 18. Qf3 Be7 19. Qh3 Ne4 20. Bxe7 Rxe7 21. f6
Nxf6 22. Rxf6 gxf6 23. Ng4 Re6 24. Nh6+ Kg7 25. Rf1 Qd7 26. Nf5+ Kh8 27. Rf4 Ba6
28. Kf2 Qe8 29. Rh4 Qg8 30. Rg4 Qf8 31. Rg7 Qxg7 32. Nxg7 Kxg7 33. Nxd5 Rae8 34.
Nf4 Re1 35. Qc3 Rf1+ 36. Kg3 Re4 37. Nh3 h5 38. Nf2 h4+ 39. Kf3 Re2 40. Kg4
Rfxf2 41. Kxh4 Rxg2 42. h3 Re4+ 0-1

[Event "GCT 2021 Saint Louis - Blitz"]
[Site "Saint Louis"]
[Date "15.08.2021"]
[Round "16B"]
[White "So, Wesley"]
[Black "Shankland, Sam"]
[Result "1-0"]
[WhiteTitle ""]
[BlackTitle ""]
[WhiteElo "2772"]
[BlackElo "2709"]
[WhiteFideId "5202213"]
[BlackFideId "2004887"]
[EventDate "2021.08.14"]

1. Nf3 d5 2. g3 g6 3. Bg2 Bg7 4. d4 Nf6 5. O-O O-O 6. c4 c6 7. cxd5 cxd5 8. Ne5
Bf5 9. Nc3 Ne4 10. Bf4 Nc6 11. Nxc6 bxc6 12. Na4 Qa5 13. Rc1 Rac8 14. b3 Rfe8
15. g4 Bd7 16. f3 Nd6 17. Nc5 Rcd8 18. e3 Bc8 19. Re1 e5 20. dxe5 Bxe5 21. Bxe5
Rxe5 22. Qd4 Ree8 23. Na4 Ba6 24. Qc3 Qxc3 25. Nxc3 Kf8 26. Na4 Bb5 27. Nc5 d4
28. exd4 Rxe1+ 29. Rxe1 Nc8 30. a4 Bxa4 31. Nxa4 Rxd4 32. Bf1 Nd6 33. Rc1 1-0

[Event "GCT 2021 Saint Louis - Blitz"]
[Site "Saint Louis"]
[Date "15.08.2021"]
[Round "16B"]
[White "Mamedyarov, Shakhriyar"]
[Black "Rapport, Richard"]
[Result "0-1"]
[WhiteTitle ""]
[BlackTitle ""]
[WhiteElo "2782"]
[BlackElo "2763"]
[WhiteFideId "13401319"]
[BlackFideId "738590"]
[EventDate "2021.08.14"]

1. d4 Nf6 2. c4 d6 3. Nf3 g6 4. Nc3 Bg7 5. Bg5 h6 6. Bd2 O-O 7. Qc1 Kh7 8. h4
Nh5 9. e4 e5 10. d5 a5 11. Bd3 Na6 12. Bc2 Nc5 13. Be3 b6 14. Qd2 Bg4 15. Ng1
Nf4 16. f3 Bd7 17. g3 Nh5 18. Nge2 a4 19. O-O-O Ra5 20. g4 Nf4 21. Nxf4 exf4 22.
Bxf4 b5 23. cxb5 Bxb5 24. Be3 Qf6 25. e5 Qxf3 26. h5 Kg8 27. hxg6 fxg6 28. Kb1
Rb8 29. Bxc5 dxc5 30. Be4 Qg3 31. Rxh6 a3 32. Rxg6 Bd3+ 33. Qxd3 Rxb2+ 34. Ka1
Qxe5 35. d6 cxd6 36. Qc4+ Kh8 37. Qf7 Rb1+ 38. Kxb1 Rb5+ 39. Kc1 Qxc3+ 40. Bc2
Rb1+ 0-1

[Event "GCT 2021 Saint Louis - Blitz"]
[Site "Saint Louis"]
[Date "15.08.2021"]
[Round "16B"]
[White "Svidler, Peter"]
[Black "Xiong, Jeffery"]
[Result "1/2-1/2"]
[WhiteTitle ""]
[BlackTitle ""]
[WhiteElo "2714"]
[BlackElo "2710"]
[WhiteFideId "4102142"]
[BlackFideId "2047640"]
[EventDate "2021.08.14"]

1. e4 e6 2. d4 d5 3. Nd2 c5 4. Ngf3 Nf6 5. exd5 Nxd5 6. Nb3 cxd4 7. Nbxd4 Be7 8.
g3 b6 9. c4 Nf6 10. Bg2 Bb7 11. O-O O-O 12. Bf4 Nbd7 13. Qe2 Nh5 14. Be3 a6 15.
a4 Qc7 16. a5 bxa5 17. Nb3 Bb4 18. Bd2 Rad8 19. Nxa5 Bxf3 20. Bxf3 Bxd2 21. Nc6
Nhf6 22. Nxd8 Rxd8 23. Qxd2 Ne5 24. Qe3 Rd3 25. Rxa6 g6 26. Ra7 Rxe3 27. Rxc7
Nxf3+ 28. Kg2 Rb3 29. Ra1 Ne5 30. Ra5 Nd3 31. Ra8+ Kg7 32. Raa7 Ne5 33. Ra5 Nd3
34. Raa7 Ne5 35. Ra5 Nd3 36. Raa7 1/2-1/2

[Event "GCT 2021 Saint Louis - Blitz"]
[Site "Saint Louis"]
[Date "15.08.2021"]
[Round "16B"]
[White "Caruana, Fabiano"]
[Black "Le, Quang Liem"]
[Result "1-0"]
[WhiteTitle ""]
[BlackTitle ""]
[WhiteElo "2806"]
[BlackElo "2709"]
[WhiteFideId "2020009"]
[BlackFideId "12401137"]
[EventDate "2021.08.14"]

1. e4 e5 2. Nf3 Nc6 3. Bb5 a6 4. Ba4 Nf6 5. O-O Be7 6. d3 b5 7. Bb3 d6 8. a3 O-O
9. h3 Be6 10. Bxe6 fxe6 11. c3 d5 12. Qe2 Qd6 13. Nbd2 Nd7 14. b4 a5 15. Nb3
axb4 16. cxb4 Ra6 17. Bb2 d4 18. Rac1 Nb6 19. Nc5 Ra7 20. Rc2 Nb8 21. Rfc1 c6
22. g3 Rc8 23. h4 N6d7 24. Kg2 Nxc5 25. Rxc5 Nd7 26. Rxb5 Rf8 27. Ra5 Rxa5 28.
bxa5 Bd8 29. a6 c5 30. a7 Qa6 31. Rb1 Be7 32. Bc1 Qxa7 33. Bg5 Re8 34. Nd2 Nb6
35. Qh5 g6 36. Qg4 Bxg5 37. Qxg5 Nd7 38. Nc4 Qc7 39. h5 Kg7 40. h6+ Kg8 41. a4
Kf7 42. Rb7 Qd8 43. Rxd7+ 1-0

[Event "GCT 2021 Saint Louis - Blitz"]
[Site "Saint Louis"]
[Date "15.08.2021"]
[Round "17B"]
[White "So, Wesley"]
[Black "Caruana, Fabiano"]
[Result "0-1"]
[WhiteTitle ""]
[BlackTitle ""]
[WhiteElo "2772"]
[BlackElo "2806"]
[WhiteFideId "5202213"]
[BlackFideId "2020009"]
[EventDate "2021.08.14"]

1. Nf3 d5 2. e3 c5 3. b3 Nc6 4. Bb5 Bd7 5. Bb2 e6 6. c4 Nge7 7. cxd5 Nxd5 8. O-O
a6 9. Be2 f6 10. d4 Be7 11. e4 Nf4 12. d5 Nd4 13. Nxd4 cxd4 14. dxe6 Bxe6 15.
Bf3 Bc5 16. g3 Nh3+ 17. Kh1 O-O 18. Bg2 Qd7 19. f4 Bg4 20. Qd3 Qb5 21. Qd2 Bb4
22. Qxd4 Rfd8 23. Qc4+ Qxc4 24. bxc4 Rac8 25. Ba3 a5 26. Bxb4 axb4 27. a3 Ra8
28. e5 Rd3 29. Bxb7 Ra7 30. Be4 Re3 31. Bd5+ Kf8 32. a4 Re2 33. Bf3 Bxf3+ 34.
Rxf3 Rd7 35. Rf1 Rd3 36. a5 Rb3 37. Nd2 Rxd2 38. Rab1 Ra3 39. Ra1 Rxa1 40. Rxa1
b3 41. a6 Ra2 42. Rb1 b2 43. a7 Nf2+ 44. Kg2 Nd3 0-1

[Event "GCT 2021 Saint Louis - Blitz"]
[Site "Saint Louis"]
[Date "15.08.2021"]
[Round "17B"]
[White "Rapport, Richard"]
[Black "Le, Quang Liem"]
[Result "0-1"]
[WhiteTitle ""]
[BlackTitle ""]
[WhiteElo "2763"]
[BlackElo "2709"]
[WhiteFideId "738590"]
[BlackFideId "12401137"]
[EventDate "2021.08.14"]

1. Nf3 d5 2. g3 c6 3. Bg2 Bg4 4. c4 e6 5. O-O Nf6 6. d3 dxc4 7. dxc4 Qxd1 8.
Rxd1 Nbd7 9. Bf4 O-O-O 10. Nbd2 h6 11. a3 g5 12. Be3 Bc5 13. Bxc5 Nxc5 14. b4
Bxf3 15. Nxf3 Nb3 16. Rab1 Rxd1+ 17. Rxd1 Rd8 18. Re1 Ne8 19. Ne5 f6 20. Nf7 Rd4
21. Nxh6 Rxc4 22. e4 Nd4 23. Ng8 g4 24. h4 gxh3 25. Bxh3 Nf3+ 26. Kf1 Ng7 27.
Rd1 Ng5 28. Bg2 Nxe4 29. Bxe4 Rxe4 30. Nxf6 Re5 31. Rd3 Nh5 32. f4 Rf5 33. Nxh5
Rxh5 34. Kg2 Rd5 35. Re3 Kd7 36. g4 a5 37. Kg3 axb4 38. axb4 Rd4 39. g5 Rxb4 40.
g6 Rb1 41. Kg2 Ra1 42. Rh3 Ke7 43. Rh7+ Kf6 44. Rxb7 Kxg6 45. Kf3 Rc1 46. Rc7
Kf6 47. Ke4 Rc4+ 48. Kd3 Rc1 49. Ke4 c5 50. Rc8 c4 51. Rc5 c3 52. Kf3 c2 53. Kg2
Ke7 54. Rc4 Kd6 55. Rc3 Kd5 56. Rc8 Ke4 57. Rc6 0-1

[Event "GCT 2021 Saint Louis - Blitz"]
[Site "Saint Louis"]
[Date "15.08.2021"]
[Round "17B"]
[White "Shankland, Sam"]
[Black "Svidler, Peter"]
[Result "0-1"]
[WhiteTitle ""]
[BlackTitle ""]
[WhiteElo "2709"]
[BlackElo "2714"]
[WhiteFideId "2004887"]
[BlackFideId "4102142"]
[EventDate "2021.08.14"]

1. e4 c6 2. d4 d5 3. e5 c5 4. Nf3 cxd4 5. Qxd4 Nc6 6. Qf4 e6 7. Bd3 Nb4 8. Nc3
Nxd3+ 9. cxd3 Bd7 10. h4 h6 11. h5 Ne7 12. Nd4 Rc8 13. O-O a6 14. Be3 g6 15. Qh2
Rg8 16. Nce2 g5 17. f4 Nf5 18. Nxf5 exf5 19. Nd4 g4 20. Rac1 Be7 21. Rxc8 Qxc8
22. Rc1 Qd8 23. g3 Qa5 24. a3 Bd8 25. Qf2 Kf8 26. Rc5 Qa4 27. Rxd5 Ke8 28. Qd2
Bb6 29. Kf2 Bc6 30. Rd6 Bc5 31. b3 Qxa3 32. Nc2 Bxe3+ 33. Nxe3 Qxb3 34. Nxf5 Qb1
35. Rxc6 bxc6 36. Qc3 Qb6+ 37. d4 Kd7 38. Nxh6 Rb8 39. Nxf7 Qb1 40. e6+ Kxe6 41.
Qxc6+ Kxf7 42. Qc7+ Ke8 43. Qe5+ Kd7 44. Qd5+ Kc7 45. Qc5+ Kb7 46. Qd5+ Ka7 0-1

[Event "GCT 2021 Saint Louis - Blitz"]
[Site "Saint Louis"]
[Date "15.08.2021"]
[Round "17B"]
[White "Xiong, Jeffery"]
[Black "Dominguez Perez, Leinier"]
[Result "1/2-1/2"]
[WhiteTitle ""]
[BlackTitle ""]
[WhiteElo "2710"]
[BlackElo "2758"]
[WhiteFideId "2047640"]
[BlackFideId "3503240"]
[EventDate "2021.08.14"]

1. c4 c5 2. Nf3 Nf6 3. Nc3 Nc6 4. d4 cxd4 5. Nxd4 e6 6. e4 Bb4 7. Nxc6 bxc6 8.
Bd3 e5 9. O-O O-O 10. Qe2 Re8 11. Rd1 Bxc3 12. bxc3 c5 13. Bc2 Rb8 14. Be3 Qc7
15. Qd3 Rb6 16. a4 a5 17. Rab1 Rxb1 18. Rxb1 h6 19. Bd1 d6 20. Rb2 Bb7 21. f3
Bc6 22. Rd2 Rd8 23. Kf2 Qd7 24. Qc2 Qc7 25. Qd3 Qd7 26. Qc2 Qc7 27. Qd3 1/2-1/2

[Event "GCT 2021 Saint Louis - Blitz"]
[Site "Saint Louis"]
[Date "15.08.2021"]
[Round "18B"]
[White "Caruana, Fabiano"]
[Black "Rapport, Richard"]
[Result "1/2-1/2"]
[WhiteTitle ""]
[BlackTitle ""]
[WhiteElo "2806"]
[BlackElo "2763"]
[WhiteFideId "2020009"]
[BlackFideId "738590"]
[EventDate "2021.08.14"]

1. d4 Nf6 2. c4 e6 3. Nf3 b6 4. g3 Bb7 5. Bg2 Be7 6. O-O O-O 7. Nc3 Ne4 8. Qc2
Nxc3 9. Qxc3 c5 10. Rd1 d6 11. d5 exd5 12. cxd5 Bf6 13. Qc2 Nd7 14. Bf4 Qe7 15.
e4 Rfe8 16. Re1 b5 17. a4 a6 18. axb5 axb5 19. Qb3 b4 20. Rxa8 Rxa8 21. Nd2 g5
22. Be3 Ne5 23. f4 gxf4 24. gxf4 Ng4 25. e5 dxe5 26. Ne4 Bg7 27. Bxc5 Qh4 28.
Qg3 Qxg3 29. Nxg3 exf4 30. Nf5 Bxb2 31. Bxb4 Ne3 32. Nxe3 Bd4 33. Kh1 fxe3 34.
d6 Bxg2+ 35. Kxg2 f5 36. Kf3 Kf7 37. Rd1 Bb6 38. d7 Rd8 39. Rd5 Bc7 40. Rxf5+
Ke6 41. Rh5 Rxd7 42. Kxe3 Bb6+ 43. Ke2 Bc7 44. Ke3 Bb6+ 45. Ke2 Bc7 46. Ke3 1/2-1/2